| 000 | 00403nam a2200181Ia 4500 | ||
|---|---|---|---|
| 003 | 0100 | ||
| 008 | 130303s9999 xx 000 0 und d | ||
| 040 | _cARRUPELIB | ||
| 050 | _aB2430.M251P45 1948 C3 | ||
| 100 | _aMarcel, Gabriel | ||
| 245 | 4 | _aThe philosophy of existence | |
| 260 | _aLondon | ||
| 260 | _bHarvill Press | ||
| 260 | _C1948 | ||
| 300 | _a96p. | ||
| 300 | _b 21cm | ||
| 942 | 0 | 0 | _02 |
| 999 |
_c57629 _d57629 |
||